Horror Movie by Mask Quiz Stats

 Plays Quiz Updated Oct 21, 2017

Support Sporcle.
Go Orange.
Score 0/12 Timer 04:00
10 Plays Today
% Correct
Scream
98.6%
Halloween
91.6%
Friday the 13th Part III
91.4%
The Silence of the Lambs
87.7%
The Texas Chainsaw Massacre
81%
The Purge
76.8%
Saw
60%
The Shining
48.1%
The Strangers
44.6%
You're Next
34.5%
Eyes Without a Face
15.9%
Nightbreed
8.8%

You're not logged in!

Compare scores with friends on all Sporcle quizzes.
OR
Log In

From the Vault

Movie Equations

by bugsnnuts

I highly recommend seeing L S A 2 S B and T 40 Y O V..thumbs up!
Remove Ads.
Support Sporcle.
Get the best of Sporcle when you Go Orange. This ad-free experience offers more features, more stats, and more fun while also helping to support Sporcle. Thank you for becoming a member.

Show Comments

Extras

Top Quizzes Today


Score Distribution

Your Account Isn't Verified!

In order to create a playlist on Sporcle, you need to verify the email address you used during registration. Go to your Sporcle Settings to finish the process.

Report this User

Report this user for behavior that violates our Community Guidelines.

Details: